| 000 | 00926nam1a22002291i 4500 | ||
|---|---|---|---|
| 001 | rc\616712 | ||
| 005 | 20240726062759.0 | ||
| 035 | _a(NLR Aleph) 008744878 | ||
| 090 |
_a9546913 _c9546913 |
||
| 100 | _a20031121d1986 u |0rusy50 ca | ||
| 101 | 0 | _arus | |
| 102 | _aRU | ||
| 105 | _ay ||||||||| | ||
| 200 | 1 |
_aБиблиографический указатель патентов, действующих в СССР _e(Зарегистрированных в СССР на 1 января 1986 г.) _e[В 4 т.] _fГос. ком. СССР по делам изобрет. и открытий, ВНИИ пат. информ. (ВНИИПИ) |
|
| 210 |
_aМ. _cВНИИПИ НПО "Поиск" _d1986 |
||
| 215 | _d22х29 | ||
| 712 | 0 | 2 | _aВНИИ патентной информации |
| 801 | 0 |
_aRU _bNLR _gpsbo |
|
| 801 | 1 |
_aRU _bELAR _2rusmarc |
|
| 801 | 2 |
_aRU _bNLR _c20040329 _2rusmarc |
|
| 852 |
_aNLR _bПт _j10.21/66 |
||
| 942 | _cBOOK | ||